Mensaje Presidencial 2009
Furkejuvvon:
| Váldodahkki: | |
|---|---|
| Materiálatiipa: | Girji |
| Giella: | espánnjágiella |
| Almmustuhtton: |
Santiago
Gobierno de Chile
2009
|
| Preanttus: | 1a. ed |
| Ráidu: | Contigo Mejor País
|
| Fáttát: | |
| Fáddágilkorat: |
Lasit fáddágilkoriid
Eai fáddágilkorat, Lasit vuosttaš fáddágilkora!
|
MARC
| LEADER | 00000nam a2200000 a 4500 | ||
|---|---|---|---|
| 001 | UCH3248 | ||
| 003 | CL-VaPUC | ||
| 008 | 090722e20090000CL |||||||||||||||||spa|d | ||
| 082 | 0 | 4 | |a 351.003 |b MEN |2 21 |
| 100 | |a Bachelet Jeria, Michelle |e author |9 521059 | ||
| 245 | 1 | 0 | |a Mensaje Presidencial 2009 |
| 250 | |a 1a. ed | ||
| 300 | |a 38 p | ||
| 942 | |c BK | ||
| 945 | |d 20090722 00:00:00 |a cmena | ||
| 260 | |a Santiago |b Gobierno de Chile |c 2009 | ||
| 500 | |a Resumen del discurso pronunciado el 21 de mayo de 2009 por la Presidenta de la República señora Michelle Bachelet Jeria, en el inicio de la legislatura ordinaria del Congreso Nacional | ||
| 650 | 0 | |a Política y gobierno |9 255151 | |
| 650 | 0 | |a Política económica |9 255029 | |
| 650 | 0 | |a Discursos políticos |9 373524 | |
| 650 | 7 | |a MENSAJES PRESIDENCIALES |2 CL-VaPUC |9 256599 | |
| 651 | 7 | |a CHILE |2 CL-VaPUC |9 538544 | |
| 583 | |a last modification |c 20090722 00:00:00 |k Rodrigo Vera | ||
| 490 | 0 | |a Contigo Mejor País | |
| 999 | |c 334865 |d 334863 | ||
| 952 | |0 0 |1 0 |4 0 |6 351_003000000000000_MEN_2009 |7 0 |8 F |9 424115 |a BIBDER |b BIBDER |d 2019-11-22 |i 4572637 |o 351.003 MEN 2009 |p 4572637 |r 2023-01-25 |w 2019-11-22 |y BK_F |k DER | ||
| 952 | |0 0 |1 0 |4 0 |6 351_003000000000000_MEN_2009 |7 0 |8 A |9 424117 |a BIBHIS |b BIBHIS |d 2019-11-22 |i 4619439 |o 351.003 MEN 2009 |p 4619439 |r 2025-01-20 |w 2019-11-22 |y BK |k HIS | ||